| 000 | 01073nam a2200229Ia 4500 | ||
|---|---|---|---|
| 999 |
_c56037 _d56037 |
||
| 001 | 23137 | ||
| 003 | GE_BSU | ||
| 005 | 20230717154825.0 | ||
| 008 | 181216s1986||||ge |||||||||||||| ||geo|| | ||
| 040 | _cGE_BSU | ||
| 041 | _ageo | ||
| 080 | _a821.111-21 წ. 1 | ||
| 100 |
_aშექსპირი, უილიამ _919399 |
||
| 245 |
_aტრაგედიები : _b წ. 1 / _cუილიამ შექსპირი ; ინგლ. თარგმნა ივ. მაჩაბელი ; შესავალი წერილი და კომენტ ავტ. ნ. ყაისაშვილისა. |
||
| 264 |
_aთბილისი : _bსაბჭ. საქართველო, _c1986. |
||
| 300 |
_a684 გვ. ; _c20 სმ. |
||
| 500 | _aშესავალი წერილი გვ. 5-46 და კომენტ. გვ. 657-683 | ||
| 541 | _h5 ლ. 20 თ. | ||
| 653 | _aტრაგედიები. წ. 1 | ||
| 700 |
_aმაჩაბელი, ივ. _eმთარგმნელი _95532 |
||
| 942 |
_cBK _2udc |
||